000
00328nam a22001337a 4500
008
181121b xxu||||| |||| 00| 0 eng d
020
_a
9780393935677
041
_a
eng
080
_a
541
100
_a
12
101
_a
KIM
245
_a
Clickers In Action Active Learning In Organic Chemistry
_c
Ruder.SM
942
_2
udc
_c
BK
999
_c
52268
_d
52268